000 00660nam a2200193 a 4500
008 060316s1974 ||||||||||||||||| || u
020 _a0416167101
020 _a0416807003
050 _aDT 31 Gei
100 _aGeiss, Imanuel
245 1 4 _aThe pan-African movement
260 _aLondon :
_bMethuen
_c1974
300 _axvi, 575 p. :
350 _a0.00
500 _aTranslation of Panafrikanismus. -Includes indexes. -Bibliography 
650 _aPAN - AFRICANISM - HISTORY
700 _aKeep, Ann
995 _D0.00
_FCBU-MAIN LIBRARY (Kitwe)
_H1
_I4.75
_UAVAILABLE
_ZMain Library Open Access Collection
999 _c53089
_d53089